MARC details
| 000 -LEADER |
| fixed length control field |
01322nam a2200325 a 4500 |
| 008 - FIXED-LENGTH DATA ELEMENTS--GENERAL INFORMATION |
| fixed length control field |
170526s2014 ||||||||||||||||| || u |
| 010 ## - LIBRARY OF CONGRESS CONTROL NUMBER |
| LC control number |
2013934731 |
| 020 ## - INTERNATIONAL STANDARD BOOK NUMBER |
| International Standard Book Number |
9781446249468 (hbk.) |
| 020 ## - INTERNATIONAL STANDARD BOOK NUMBER |
| International Standard Book Number |
1446249476 (pbk.) |
| 020 ## - INTERNATIONAL STANDARD BOOK NUMBER |
| International Standard Book Number |
1446249468 (hbk.) |
| 020 ## - INTERNATIONAL STANDARD BOOK NUMBER |
| International Standard Book Number |
9781446249475 (pbk.) |
| 050 ## - LIBRARY OF CONGRESS CALL NUMBER |
| Classification number |
RT 81.5 Ess |
| 100 ## - MAIN ENTRY--PERSONAL NAME |
| Personal name |
Taylor, Ruth |
| 245 14 - TITLE STATEMENT |
| Title |
The essentials of nursing and healthcare research |
| Statement of responsibility, etc. |
edited by Ruth Taylor |
| Medium |
[unmediated] |
| 246 ## - |
| -- |
Nursing and healthcare research |
| 260 ## - PUBLICATION, DISTRIBUTION, ETC. |
| Place of publication, distribution, etc. |
Los Angeles |
| Name of publisher, distributor, etc. |
SAGE Publications |
| Date of publication, distribution, etc. |
2014 |
| 300 ## - PHYSICAL DESCRIPTION |
| Extent |
x, 316 pages : illustrations |
| 350 ## - |
| -- |
47.00 |
| 500 ## - GENERAL NOTE |
| General note |
Includes bibliographical references and index |
| 650 #3 - SUBJECT ADDED ENTRY--TOPICAL TERM |
| Topical term or geographic name entry element |
PHILOSOPHY, NURSING |
| 650 ## - SUBJECT ADDED ENTRY--TOPICAL TERM |
| Topical term or geographic name entry element |
NURSING--RESEARCH |
| 650 ## - SUBJECT ADDED ENTRY--TOPICAL TERM |
| Topical term or geographic name entry element |
MEDICAL CARE--RESEARCH |
| 650 #3 - SUBJECT ADDED ENTRY--TOPICAL TERM |
| Topical term or geographic name entry element |
NURSING RESEARCH |
| 650 #0 - SUBJECT ADDED ENTRY--TOPICAL TERM |
| Topical term or geographic name entry element |
NURSING - RESEARCH |
| 650 #3 - SUBJECT ADDED ENTRY--TOPICAL TERM |
| Topical term or geographic name entry element |
EVIDENCE-BASED NURSING |
| 650 #3 - SUBJECT ADDED ENTRY--TOPICAL TERM |
| Topical term or geographic name entry element |
HEALTH SERVICES RESEARCH |
| 995 ## - |
| -- |
MEDICAL LIBRARY OPEN ACCESS |
| -- |
903400 |
| -- |
CBU-SCHOOL OF MEDICINE LIBRARY (Ndola) |
| -- |
47.00 |
| -- |
RT 81.5 Ess |
| -- |
1 |
| -- |
AVAILABLE |
| -- |
Mar 14, 2016 |
| -- |
903400 |
| -- |
Medical Library Open Access Collection |
| 995 ## - |
| -- |
MEDICAL LIBRARY OPEN ACCESS |
| -- |
904053 |
| -- |
CBU-SCHOOL OF MEDICINE LIBRARY (Ndola) |
| -- |
47.00 |
| -- |
RT 81.5 Ess |
| -- |
2 |
| -- |
AVAILABLE |
| -- |
May 24, 2017 |
| -- |
904053 |
| -- |
Medical Library Open Access Collection |
| 999 ## - |
| -- |
63842 |
| -- |
63842 |